Una vida con propósito (Registro nro. 437057)

Detalles MARC
000 -LÍDER
Campo fijo de descripción fija 00830nam a22002897a 4500
003 - IDENTIFICADOR DEL NÚMERO DE CONTROL
Campo de control BCEG
005 - FECHA Y HORA DE LA ULTIMA TRANSACCIÓN
control field 20260124152346.0
008 - ELEMENTOS DE LONGITUD FIJA -- INFORMACIÓN GENERAL
Campo fijo de descripción fija -- Información general 260123s2003 flu|||||||||||||||| spa d
020 ## - ISBN
Isbn 0829738703
020 ## - ISBN
Isbn 97808297
040 ## - FUENTE DE CATALOGACIÓN
Agencia de catalogación original BCEG
Idioma de catalogación spa
Agencia que realiza la transcripción BCEG
082 04 - NÚMERO DE CLASIFICACIÓN DECIMAL DEWEY
Número de clasificación 248.4
Clave de autor-Numero de item W286v
100 1# - ASIENTO PRINCIPAL--NOMBRE PERSONAL
Nombre del autor personal Warren, Rick,
Fechas asociadas con el nombre 1954-.
245 10 - TÍTULO PROPIAMENTE DICHO
Título Una vida con propósito
Otra información sobre el título - Subtitulo : ¿para que estoy aquí en la tierra?
260 ## - PUBLICACIÓN, DISTRIBUCIÓN, ETC. (PIE DE IMPRENTA)
Lugar de publicación, distribución, etc. Miami, Florida :
Nombre del editor, distribuidor, etc. Editorial Vida,
Fecha de publicación, distribución, etc. 2003.
300 ## - DESCRIPCIÓN FÍSICA
Extensión 367 p.
504 ## - NOTA DE BIBLIOGRAFÍA, ETC.
Nota de bibliografía, etc Incluye apéndice.
534 ## - NOTA DE VERSIÓN ORIGINAL
Frase introductoria Título original:
Título original The purpose driven life.
541 ## - NOTA DE FUENTE INMEDIATA DE ADQUISICIÓN
Nota de fuente de adquisición Donación.
650 14 - ASIENTO SECUNDARIO DE MATERIA - TERMINO TEMÁTICO
Término temático o nombre geográfico como elemento de entrada Vida cristiana.
650 14 - ASIENTO SECUNDARIO DE MATERIA - TERMINO TEMÁTICO
Término temático o nombre geográfico como elemento de entrada Vida espiritual.
700 1# - ASIENTO SECUNDARIO - NOMBRE PERSONAL
Nombre personal Fuchs, David,
Función o responsabilidad del autor adap.
700 1# - ASIENTO SECUNDARIO - NOMBRE PERSONAL
Nombre personal Fernández, Esteba,
Función o responsabilidad del autor adap.
700 1# - ASIENTO SECUNDARIO - NOMBRE PERSONAL
Nombre personal Torres, Edugenio,
Función o responsabilidad del autor ed.
700 1# - ASIENTO SECUNDARIO - NOMBRE PERSONAL
Nombre personal Díaz, Madeline,
Función o responsabilidad del autor ed.
942 ## - TIPO DE MATERIAL (KOHA)
Tipo de Item KOHA Libro
Existencias
No para Préstamo Colección Biblioteca de Origen Biblioteca Permanente Fecha de Adquisición Fuente de Adquisicion Total de Préstamos Signatura Topográfica Código de Barras Última vez visto Tipo de Material
Material en Reserva General Biblioteca Central Estatal de Guanajuato, "Wigberto Jiménez Moreno" Biblioteca Central Estatal de Guanajuato, "Wigberto Jiménez Moreno" 23/01/2026 DONAD   248.4 W286v BCEG8655230717 23/01/2026 Libro